000 01142nac a22003251i 4500
003 EG-ScBUE
005 20241208095420.0
006 m||||fq||h 00| 0
008 241208s1995 nyua f b 001 0 eng d
020 _a0387944834 (New York : acid-free paper)
020 _a9780387944838
040 _aEG-ScBUE
_beng
_erda
_cEG-ScBUE
_dEG-ScBUE
082 0 4 _a519.538
_bEDW
_222
100 1 _aEdwards, David,
_eauthor.
245 1 0 _aIntroduction to graphical modelling /
_cDavid Edwards.
264 1 _aNew York :
_bSpringer-Verlag,
_c1995.
300 _axii, 274 pages :
_billustrations ;
_c25 cm +
_e1 CD
336 _2rdacontent
_atext
_btxt
336 _2rdacontent
_asounds
_bsnd
337 _aunmediated
_2rdamedia
_bn
337 _aaudio
_2rdamedia
_bs
338 _avolume
_bnc
_2rdacarrier
338 _acomputer disc
_bcd
_2rdacarrier
490 0 _aSpringer texts in statistics
504 _aIncludes bibliographical references and index.
538 _aSystem requirements for accompanying computer disk: DOS; MS-Windows.
650 7 _aGraphical modeling (Statistics)
_2BUEsh
655 _vReading book
942 _cBB
_2ddc
999 _c7203
_d7203